Estadísticas para Seis Grados de Separación - Estados de EEUU

Haz click aquí para intentar la prueba.

Estadísticas generales

  • Esta prueba ha sido intentada 42 veces
  • La puntuación promedio es 8 de 24

Estadísticas de respuestas

ColorConexiónEstado% Correcto
BlueAlbany es la capital de...Nueva York
89%
GreenQue comienza con la misma letra que ...Texas
59%
BlueQue bordea exactamente dos Grandes Lagos, similar a...Wisconsin
59%
GreenQue es el estado más grande aparte de...Alaska
56%
BlueQue está al norte de...Illinois
56%
GreenSuperman creció en...Kansas
56%
GreenQue está al norte de...Tennessee
56%
GreenQue comienza con la misma letra que ...Kentucky
52%
GreenQue se convirtió en un estado el mismo año que ...Hawái
44%
BlueQue tenía el aeropuerto más concurrido del mundo
hasta que fue pasado por...
Georgia
37%
YellowQue es el estado más pequeño, excepto por...Rhode Island
37%
YellowQue ratificó la Constitución antes que todos los demás estados, excepto...Delaware
22%
RedQue es el estado más pobre a excepción de...Misisipi
22%
BlueCuyo capital comienza y termina con A, similar a...Maine
19%
YellowQue es el más densamente poblado además ...Nueva Jersey
19%
RedEl estado que produce más almendras es...California
15%
RedQue comparte su frontera más larga con...Nevada
15%
Blue
Cuya ciudad más grande tiene el mismo nombre
que la ciudad más grande de...
Oregón
15%
Red
Que fue el segundo estado en unirse a la Confederacy después de solo ...
Carolina del Sur
11%
RedQue termina con las mismas 6 letras que...Dakota del Sur
11%
YellowDonde Ben Franklin vivió antes de mudarse a...Pensilvania
11%
YellowEl estado que cultiva más manzanas es...Washington
11%
YellowQue está al otro lado de la autopista I-90 desde...Massachusetts
7%
Red
Que se unió a los Estados Unidos durante la <br> Guerra Civil Americana como...
Virginia Occidental
7%

Distribución de puntuación

Porcentaje por número respondido

Porcentaje de gente con cada puntuación

Historial de tus puntuaciones

No has intentado esta prueba.